Welcome to CU Library Online Public Access Catalogue (OPAC)

Financial management strategies (Record no. 3277)

MARC details
000 -LEADER
fixed length control field 00346nam a22001337a 4500
005 - DATE AND TIME OF LATEST TRANSACTION
control field 20250131095222.0
008 - FIXED-LENGTH DATA ELEMENTS--GENERAL INFORMATION
fixed length control field 250131b |||||||| |||| 00| 0 eng d
050 ## - LIBRARY OF CONGRESS CALL NUMBER
Classification number HG4015
Item number GUP
100 ## - MAIN ENTRY--PERSONAL NAME
Personal name Gupta, Shashi K.
245 ## - TITLE STATEMENT
Title Financial management strategies
260 ## - PUBLICATION, DISTRIBUTION, ETC.
Place of publication, distribution, etc. New Delhi
Name of publisher, distributor, etc. Kalyani Publishers
Date of publication, distribution, etc. c2003
300 ## - PHYSICAL DESCRIPTION
Extent 8.46p
942 ## - ADDED ENTRY ELEMENTS (KOHA)
Source of classification or shelving scheme Library of Congress Classification
Koha item type Books
Suppress in OPAC No
999 ## -
-- 3277
-- 3277
Holdings
Withdrawn status Lost status Source of classification or shelving scheme Damaged status Not for loan Collection Home library Current library Shelving location Date acquired Total checkouts Full call number Barcode Date last seen Copy number Price effective from Koha item type
    Library of Congress Classification     Non-fiction Undergraduate Library (Christ Temple) Undergraduate Library (Christ Temple) General stacks 01/31/2025   HG4015 GUP ulct00001008 01/31/2025 1 01/31/2025 Books
    Library of Congress Classification     Non-fiction Undergraduate Library (Christ Temple) Undergraduate Library (Christ Temple) General stacks 01/31/2025   HG4015 GUP ulct00001009 01/31/2025 2 01/31/2025 Books
    Library of Congress Classification     Non-fiction Undergraduate Library (Christ Temple) Undergraduate Library (Christ Temple) General stacks 01/31/2025   HG4015 GUP ulct00001010 01/31/2025 3 01/31/2025 Books
© 2023-2024 Copyright: Central University Libraries. All Rights Reserved | Created by: Mahone Tech Office